Catálogo
 En Linea

Informes y recomendaciones para la conservación de nuestros bosques y ríos / (Registro nro. 12839)

Detalles MARC
000 -CABECERA
campo de control de longitud fija 01352nam a2200265 a 4500
001 - NÚMERO DE CONTROL
campo de control 000013200
005 - FECHA Y HORA DE LA ÚLTIMA TRANSACCIÓN
campo de control 20250314113209.0
008 - DATOS DE LONGITUD FIJA--INFORMACIÓN GENERAL
campo de control de longitud fija 091120s1984 dr ab 001 0 spa d
040 ## - FUENTE DE LA CATALOGACIÓN
Centro catalogador/agencia de origen DO-SdBNP
Lengua de catalogación spa
Centro/agencia transcriptor BNPHU
082 ## - NÚMERO DE LA CLASIFICACIÓN DECIMAL DEWEY
Número de clasificación 333.7516
Número de documento/Ítem L962i
100 1# - ENTRADA PRINCIPAL--NOMBRE DE PERSONA
Nombre de persona Luna, José,
Fechas asociadas al nombre 1888-1975
9 (RLIN) 30275
245 10 - MENCIÓN DE TÍTULO
Título Informes y recomendaciones para la conservación de nuestros bosques y ríos /
Mención de responsabilidad, etc. José Luna ; prólogo Roque Adames.
260 ## - PUBLICACIÓN, DISTRIBUCIÓN, ETC.
Lugar de publicación, distribución, etc. San José de las Matas :
Nombre del editor, distribuidor, etc. Plan Sierra,
Fecha de publicación, distribución, etc. 1984.
Lugar de fabricación/manufactura Santo Domingo :
300 ## - DESCRIPCIÓN FÍSICA
Extensión 186 p. :
Otras características físicas il., mapas ;
Dimensiones 23 cm.
490 1# - MENCIÓN DE SERIE
Mención de serie Documentos
Designación de volumen o secuencia 2
505 0# - NOTA DE CONTENIDO CON FORMATO
Información miscelánea A manera de prólogo /
Mención de responsabilidad Roque Adames --
Título El ingeniero Don José Luna --
-- Informe sobre la creación de un "Distrito Central de Conservación de Montes y Agua" --
-- Informe sobre el Río Yaque del Norte --
-- Informe sobre repoblación forestal --
-- Informe sobre repoblación forestal, Plan Regional y Fomento del Turismo --
-- Exposición al Honorable Ayuntamiento de Santiago.
590 ## - NOTA LOCAL (RLIN)
Nota local Inventariado, 2018/LP
650 #0 - PUNTO DE ACCESO ADICIONAL DE MATERIA--TÉRMINO DE MATERIA
Término de materia o nombre geográfico como elemento de entrada Conservación de los recursos naturales
9 (RLIN) 1562
650 #4 - PUNTO DE ACCESO ADICIONAL DE MATERIA--TÉRMINO DE MATERIA
Término de materia o nombre geográfico como elemento de entrada Conservación de los bosques
9 (RLIN) 30276
650 #4 - PUNTO DE ACCESO ADICIONAL DE MATERIA--TÉRMINO DE MATERIA
Término de materia o nombre geográfico como elemento de entrada Conservación de corrientes de agua
9 (RLIN) 30277
650 #4 - PUNTO DE ACCESO ADICIONAL DE MATERIA--TÉRMINO DE MATERIA
Término de materia o nombre geográfico como elemento de entrada Ecología de corrientes de agua
9 (RLIN) 30278
700 1# - PUNTO DE ACCESO ADICIONAL--NOMBRE DE PERSONA
Nombre de persona Adames, Roque,
Término indicativo de función/relación pról.
9 (RLIN) 30279
830 #0 - PUNTO DE ACCESO ADICIONAL DE SERIE-TÍTULO UNIFORME
Título uniforme Documentos ;
Número de parte o sección de la obra 2
9 (RLIN) 30280
910 ## - DATOS DE OPCIÓN DEL USUARIO (OCLC)
Datos de opción del usuario Validado. Control de calidad EMS
Existencias
Estado de retiro Estado de pérdida Restricciones de uso No para préstamo Código de colección Localización permanente Ubicación/localización actual Ubicación en estantería Fecha de adquisición Número de inventario Total de préstamos Signatura topográfica completa Código de barras Fecha visto por última vez Número de copia Precio válido a partir de Tipo de ítem Koha
        Dominicana de Servicio General General Depósito 19.04.2011 LF1   333.7516 L962i 13200-30 25.06.2020 e. 3 25.06.2020 Libro y Folleto Colección Dominicana de Servicio
        Dominicana de Servicio General General Depósito 19.04.2011 LF1   333.7516 L962i 13200-40 25.06.2020 e. 4 25.06.2020 Libro y Folleto Colección Dominicana de Servicio
        Dominicana de Servicio General General Depósito 19.04.2011 LF1   333.7516 L962i 13200-50 25.06.2020 e. 5 25.06.2020 Libro y Folleto Colección Dominicana de Servicio
      Excluido de préstamo Patrimonio Dominicano Patrimonio Dominicano Patrimonio Dominicano Depósito 20.11.2009 LF1   333.7516 L962i 13200-10 25.06.2020   25.06.2020 Libro y Folleto Colección Patrimonio Dominicano
      Excluido de préstamo Patrimonio Dominicano Patrimonio Dominicano Patrimonio Dominicano Depósito 20.04.2010 LF1   333.7516 L962i 13200-20 25.06.2020 e. 2 25.06.2020 Libro y Folleto Colección Patrimonio Dominicano

Con tecnología Koha